000 00905nam a2200289 i 4500
003 EG-GICUC
005 20260121101731.0
008 260117b1936 uk ||||f |||| 001 0 eng d
040 _aEG-GiCUC
_beng
_cEG-GiCUC
_dEG-GiCUC
_erda
082 0 4 _221
_a330.1
_bMA . P
092 0 4 _221
_a330
_bMA . P
099 _aLaw1 13 330.1 MA . P 1936
100 1 _aMalthus, Robert
_eAuthor.
245 _aPrinciples of Political Economy /
_cBy Robert Malthus.
264 _aLondon :
_bThe International Economic Circle,
_c1936.
300 _a445 pages :
_c24 cm
336 _2rda content
_atext
337 _2rda media
_aComputer
338 _2rda carrier
_aOnline Resource
500 _aindex included
546 _aText in English
650 1 4 _aPublic finance and tax legislation
_2
651 1 _2
856 4 0 _uhttps://fll.law.cu.edu.eg/fulltext/bks/B13-04802.pdf
905 _a31
942 _2ddc
_cBK
_e21
_n0
999 _c57309
_d57309